01401nam a2200193Ia 4500003000400000005001700004008004100021040001000062041000800072082001000080100003100090245008400121260010200205300002300307504002600330520070900356653003601065710010601101Ost20260426125804.0260426s9999||||xx |||||||||||||| ||und|| cfsecg aeng a658.3 aBoukrouh, AbdallaheAuthor 0aSpecialised Foreign Language 1 English for Human Resources /cAbdallah Boukrouh aAlgiers :bUniversity of Algiers 3 Faculty of Economics Commercial Sciences and Management,c2024 a101 paper, c12 cm abibliography paper 99 aThe document outlines a curriculum for a Master's program in Human Resource Management at the University of Algiers 3. It includes sixteen lessons covering topics such as strategic management, labor markets, financial management functions, social security, career management, and retirement in Algeria. Additional subjects include e-commerce, e-marketing, verification and litigation, quantitative techniques in management, and Algerian labor law. Key components also focus on skills like communication and assessment of contributions. The lessons are sequentially numbered, with relevant topics set to enhance understanding and application of human resource principles in a specialized economic context. agestion des ressources humaines aUniversity of Algiers 3 Faculty of Economics Commercial Sciences and ManagementeScientific publisher